000 03245cam a22012254i 4500
003 PE-LiUPU
005 20250813185507.0
008 150625s r 000 0 d
020 _a84749146663
035 _a(Sirsi) i84749146663
040 _aPE-LiUPU
_bspa
_cPE-LiUPU
_erda
049 _aPRUA
082 0 4 _a372.3
_bB35
_221
100 1 _aBeltrán Llera, Jesús A.,
_eautor.
245 1 0 _aLíneas actuales en la intervención psicopedagógica I :
_baprendizaje y contenidos del curriculum /
_cJesús. A. Beltrán.
264 1 _aMadrid :
_bSysteco,
_c1993.
300 _a791 páginas :
_bilustraciones, tablas, cuadros, figuras ;
_c22 centímetros
336 _atext
_2rdacontent
337 _aunmediated
_2rdamedia
338 _avolume
_2rdacarrier
504 _aIncluye referencias bibliográficas.
505 0 _aLa intervención psicopedagógica: Agentes y técnicas. -Determinantes del aprendizaje. -Estilos de aprendizaje. -Estrategias de aprendizaje. -Apectos generales del lenguaje. -Estrategias de la comprensión lectora. -Dificultades del lenguaje. -Estrategias en el aprendizaje de las matemáticas.
526 _aP202
526 _aP201
526 _aP163
526 _aP162
526 _aP161
526 _aP160
526 _aP148
526 _aP147
526 _aP146
526 _aP145
526 _aP144
526 _aP143
526 _aP142
526 _aP141
526 _aP140
526 _aP139
526 _aP138
526 _aP137
526 _aP136
526 _aP135
526 _aP134
526 _aP133
526 _aP129
526 _aP128
526 _aP127
526 _aP120
526 _aP119
526 _aP118
526 _aP116
526 _aP115
526 _aP114
526 _aP110
526 _aP109
526 _aP108
526 _aP104
526 _aP103
526 _aP102
526 _aP99
526 _aP98
526 _aP97
526 _aP96
526 _aP95
526 _aP93
526 _aP90
526 _aP89
526 _aP88
526 _aP83
526 _aP82
526 _aP62
526 _aP59
526 _aP58
526 _aP57
526 _aP51
526 _aP49
526 _aP48
526 _aP47
526 _aP29
526 _aP24
526 _aP20
526 _aP19
526 _aP17
526 _aP15
526 _aP14
526 _aP12
526 _aP10
526 _aP09
526 _aP08
526 _aP07
526 _aP06
526 _aP05
526 _aP04
526 _aP01
650 0 4 _aAprendizaje
_xEstrategias.
650 0 4 _aCurrículo
_xContenidos.
650 0 4 _aPsicopedagogía.
_91885
910 _baj
_cnm
_d20050331
942 _2ddc
_cBOOK
949 _a372.3 B35
_wDEWEY
_c1
_i53862
_d2015-8-21
_e2015-8-20
_lCCODEBUL1
_mBUL
_n1
_p12.00
_r0
_sY
_tBOOK
_u2015-6-25
_xEDUCACION
_zUNKNOWN
_0COMPRA
_o.STAFF. Colección General
994 _aC0
_bPEPRU
596 _a1
999 _a372.3 B35
_wDEWEY
_c43950
_i53862
_d43950
_e2015-8-20
_f2021-11-8
_g5
_lCCODEBUL1
_mBUL
_n1
_p12.00
_r0
_sY
_tBOOK
_u2015-6-25
_xEDUCACION
_zUNKNOWN
_0COMPRA
_o.STAFF. Colección General
980 _81
_gALBERTO SANCHEZ Responsable de Automatización